Micro-finishing of EDM machined dies by abrasive jet machining /
Saved in:
| Main Author: | |
|---|---|
| Format: | Thesis Book |
| Language: | English |
| Published: |
1987.
|
| Subjects: | |
| Tags: |
Add Tag
No Tags, Be the first to tag this record!
|
| LEADER | 00843cam a2200253 4500 | ||
|---|---|---|---|
| 001 | u55018 | ||
| 003 | SIRSI | ||
| 008 | 900220s1978 si v 00 1 eng m | ||
| 035 | |a AAF-9152 | ||
| 040 | |a UMM | ||
| 090 | |a TN693 |b I7Ven | ||
| 100 | 0 | 0 | |a Venkataraman Narayanan |
| 245 | 1 | 0 | |a Micro-finishing of EDM machined dies by abrasive jet machining / |c by Venkataraman Narayanan. |
| 260 | |c 1987. | ||
| 300 | |a ix, 138 leaves : |b ill. ; |c 30cm. | ||
| 500 | |a Photocopy. | ||
| 502 | |a Dissertation (M.Eng.) -- National University of Singapore, 1987. | ||
| 504 | |a Bibliography: leaves 104-107. | ||
| 650 | 0 | |a Steel. |x Surfaces |x Defects. | |
| 650 | 0 | |a Electrochemical cutting. | |
| 650 | 0 | |a Dies (Metal-working) | |
| 948 | |a 16/03/1991 |b 28/08/2002 | ||
| 596 | |a 1 | ||
| 999 | |a TN693 I7VEN |w LC |c 1 |i A010688394 |d 29/8/1998 |l STACKS |m P01UTAMA |n 2 |r Y |s Y |t TESIS |u 19/2/1992 | ||
